LEADER 03173nam 2200781 450 001 9910788981903321 005 20230331011738.0 010 $a3-11-085278-0 024 7 $a10.1515/9783110852783 035 $a(CKB)3390000000033624 035 $a(SSID)ssj0000560036 035 $a(PQKBManifestationID)11353995 035 $a(PQKBTitleCode)TC0000560036 035 $a(PQKBWorkID)10569002 035 $a(PQKB)11110540 035 $a(MiAaPQ)EBC3044841 035 $a(WaSeSS)Ind00012709 035 $a(DE-B1597)54399 035 $a(OCoLC)840445317 035 $a(OCoLC)999372879 035 $a(DE-B1597)9783110852783 035 $a(Au-PeEL)EBL3044841 035 $a(CaPaEBR)ebr10802110 035 $a(OCoLC)922947842 035 $a(EXLCZ)993390000000033624 100 $a19910918d1991 uy| 0 101 0 $aeng 135 $aurcnu|||||||| 181 $ctxt 182 $cc 183 $acr 200 10$aNeopterin $ebiochemistry, methods, clinical application /$fH. Wachter [and six others] ; foreword by A. Butenandt and H. Rembold 205 $aReprint 2011 210 1$aBerlin ;$aNew York :$cDe Gruyter,$d1991. 215 $a1 online resource (308 pages) $cillustrations 300 $aBibliographic Level Mode of Issuance: Monograph 311 0 $a3-11-177744-8 311 0 $a3-11-011790-8 320 $aIncludes bibliographical references and index. 327 $tFront matter --$t1 Pteridines --$t2 Neopterin --$t3 Measurement of Neopterin --$t4 Normal Ranges of Neopterin Concentrations in Various Body Fluids --$t5 Biosynthesis of Pteridines and the Human Immune System --$t6 Neopterin in Organ Transplantation --$t7 Neopterin in Autoimmune Diseases and Related Inflammatory Disorders --$t8 Neopterin in Malignant Diseases --$t9 Neopterin in Infectious Diseases --$t10 Monitoring of Immunostimulatory Therapy --$t11 Neopterin in Transfusion Medicine --$tAppendix --$tReferences --$tSubject Index 606 $aNeopterin$xPhysiological effect 606 $aNeopterin$xImmunology 606 $aNeopterin$xAnalysis 606 $aNeopterin$xDiagnostic use 606 $aBiochemical markers 615 0$aNeopterin$xPhysiological effect. 615 0$aNeopterin$xImmunology. 615 0$aNeopterin$xAnalysis. 615 0$aNeopterin$xDiagnostic use. 615 0$aBiochemical markers. 676 $a612/.0157 686 $aWD 5050$2rvk 700 $aWachter$b H$01541175 701 $aButenandt$b A$091423 701 $aRemboldt$b H$01541176 702 $aFuchs$b Dietmar$4aut$4http://id.loc.gov/vocabulary/relators/aut. 702 $aHausen$b Arno$4aut$4http://id.loc.gov/vocabulary/relators/aut. 702 $aReibnegger$b Gilbert$4aut$4http://id.loc.gov/vocabulary/relators/aut. 702 $aWeiss$b G.$4aut$4http://id.loc.gov/vocabulary/relators/aut. 702 $aWerner$b E. R.$4aut$4http://id.loc.gov/vocabulary/relators/aut. 702 $aWerner-Felmayer$b G.$4aut$4http://id.loc.gov/vocabulary/relators/aut. 801 0$bMiAaPQ 801 1$bMiAaPQ 801 2$bMiAaPQ 906 $aBOOK 912 $a9910788981903321 996 $aNeopterin$93793220 997 $aUNINA LEADER 04338oam 2201033 c 450 001 9910404114103321 005 20260302090207.0 010 $a9783839448908 010 $a3839448905 024 7 $a10.14361/9783839448908 035 $a(CKB)4100000011249213 035 $a(DE-B1597)527677 035 $a(OCoLC)1149470692 035 $a(DE-B1597)9783839448908 035 $a(Bielefeld University Press)9783839448908 035 $a(MiAaPQ)EBC6956097 035 $a(Au-PeEL)EBL6956097 035 $a(oapen)https://directory.doabooks.org/handle/20.500.12854/44272 035 $a(ScCtBLL)1210355e-4689-4dbb-8839-28a282cf0104 035 $a(Perlego)1462251 035 $a(oapen)doab32370 035 $a(oapen)doab44272 035 $a(EXLCZ)994100000011249213 100 $a20260302d2020 uy 0 101 0 $aspa 135 $aur||#|||||||| 181 $ctxt$2rdacontent 182 $cc$2rdamedia 183 $acr$2rdacarrier 200 10$aCrisis política en la Argentina$eMemoria discursiva y componente emocional en el debate sobre la Reforma Previsional (diciembre de 2017)$fElvira Narvaja de Arnoux 205 $a1st ed. 210 $aBielefeld$cBielefeld University Press$d2020 215 $a1 online resource (156 p.) 225 0 $aAfrontar las crisis desde América Latina 311 08$a9783837648904 311 08$a3837648907 327 $aFrontmatter 1 I?ndice 7 Introduccio?n 9 El debate parlamentario 15 "Lo que ocurre en la calle" en el discurso de los legisladores 31 La memoria de la crisis de 2001-2002 39 La dimensio?n emocional 84 Las formaciones discursivas 100 Conclusio?n 141 Bibliografi?a 145 AUTORA 153 330 $aEl debate acerca de la Reforma Previsional, aprobada en diciembre de 2017, inicia la actual crisis política en la Argentina. El proceso parlamentario evidenció fuertes tensiones, que se acentuaron, pocos meses después, en torno al acuerdo con el Fondo Monetario Internacional. El texto aborda las posiciones en juego y su inscripción en formaciones discursivas antagónicas, a partir de los modos de referir al afuera del recinto, las memorias que se activan y la semiotización de las emociones. El texto puede interesar a analistas del discurso y a cientistas sociales interesados tanto por el despliegue discursivo de las representaciones como por la historia argentina reciente. 410 0$aAfrontar las crisis desde América Latina 517 2 $aArnoux, Crisis política en la Argentina$eMemoria discursiva y componente emocional en el debate sobre la Reforma Previsional (diciembre de 2017) 606 $aDebate Parlamentario 606 $aParliamentary Debate 606 $aMemoria Discursiva 606 $aDiscursive Memory 606 $aDimensión Emocional 606 $aEmotional Dimension 606 $aCrisis 606 $aReforma Previsional 606 $aPension Reform 606 $aSoziale Ungleichheit 606 $aSocial Inequality 606 $aPolitik 606 $aPolitics 606 $aKulturgeschichte 606 $aCultural History 606 $aPolitical Parties 606 $aBielefeld University Press 606 $aPolitische Parteien 606 $aLatin America 606 $aLateinamerika 615 4$aDebate Parlamentario 615 4$aParliamentary Debate 615 4$aMemoria Discursiva 615 4$aDiscursive Memory 615 4$aDimensión Emocional 615 4$aEmotional Dimension 615 4$aCrisis 615 4$aReforma Previsional 615 4$aPension Reform 615 4$aSoziale Ungleichheit 615 4$aSocial Inequality 615 4$aPolitik 615 4$aPolitics 615 4$aKulturgeschichte 615 4$aCultural History 615 4$aPolitical Parties 615 4$aBielefeld University Press 615 4$aPolitische Parteien 615 4$aLatin America 615 4$aLateinamerika 676 $a320 700 $aArnoux$b Elvira Narvaja de$p

Elvira Narvaja de Arnoux, Universidad de Buenos Aires, Argentinia

$4aut$01888257 712 02$aBMBF$4fnd$4http://id.loc.gov/vocabulary/relators/fnd 801 0$bDE-B1597 801 1$bDE-B1597 906 $aBOOK 912 $a9910404114103321 996 $aCrisis política en la Argentina$94526778 997 $aUNINA